000 00566nam a2200205Ii 4500
003 JO-AjNU
008 230606s9999||||xx |||||||||||||| ||und||
020 _a0-932576-41-9/0-932576-42-7
040 _aJO-AjNU
_beng
_erda
_cJO-AjNU
041 _aeng
050 1 4 _aPS3564.Y44.Y4 1986
100 3 _a Nye, Naomi Shihab,
_eauthor
_95435
245 0 0 _aYellow Glove
250 _a1 ed
264 3 1 _aPortland: Breitenbush Books , 1986
300 _a84P
336 _atext
_btxt
_2rdacontent
337 _aunmediated
_bn
_2rdamedia
338 _avolume
_bnc
_2rdacarrier
999 _aE2808
_c2806
_d2806